[Event "Thüringenliga 2012/2013"]
[Site "?"]
[Date "2013.02.17"]
[Round "7"]
[White "Siegemund, Joachim"]
[Black "Schmidt, Matthias"]
[Result "1/2-1/2"]
[WhiteElo "2033"]
[BlackElo "1942"]
[PlyCount "24"]
[EventDate "2013.??.??"]
[WhiteTeam "ESV Lok Sömmerda"]
[BlackTeam "TSG Apolda"]

1. c4 Nf6 2. Nc3 g6 3. d4 Bg7 4. e4 d6 5. Nf3 O-O 6. Be2 Nbd7 7. O-O e5 8. dxe5
dxe5 9. Qc2 c6 10. b3 Re8 11. Ba3 Bf8 12. Bxf8 Nxf8 1/2-1/2

[Event "Thüringenliga 2012/2013"]
[Site "?"]
[Date "2013.02.17"]
[Round "7"]
[White "Steiger, Jürgen"]
[Black "Kalisch, Michael"]
[Result "1-0"]
[WhiteElo "1980"]
[BlackElo "1936"]
[PlyCount "78"]
[EventDate "2013.??.??"]
[WhiteTeam "TSG Apolda"]
[BlackTeam "ESV Lok Sömmerda"]

1. e4 c6 2. d4 d5 3. Nc3 dxe4 4. Nxe4 Nf6 5. Nxf6+ gxf6 6. Nf3 Bg4 7. Be2 Nd7
8. Bf4 Qb6 9. b3 e6 10. O-O O-O-O 11. a4 Bxf3 12. Bxf3 Ne5 13. Be3 Nxf3+ 14.
Qxf3 Qc7 15. Qxf6 Bd6 16. g3 h5 17. c4 c5 18. Rad1 Rdg8 19. f4 h4 20. Rf3 cxd4
21. Bxd4 Qc6 22. Rfd3 hxg3 23. h4 Qe4 24. Bxa7 Qxf4 25. Qxf4 Bxf4 26. Bb6 Bc7
27. Bxc7 Kxc7 28. Rd7+ Kc6 29. b4 Kb6 30. c5+ Ka7 31. R1d4 e5 32. Rc4 Rd8 33.
Rxf7 Rhg8 34. h5 Rd1+ 35. Rf1 Rd4 36. Rxd4 exd4 37. Kg2 Rg5 38. h6 Rh5 39. Rh1
Rf5 1-0

[Event "Thüringenliga 2012/2013"]
[Site "?"]
[Date "2013.02.17"]
[Round "7"]
[White "Kühn, Karsten"]
[Black "Römer, Norbert"]
[Result "1/2-1/2"]
[WhiteElo "1967"]
[BlackElo "1881"]
[PlyCount "146"]
[EventDate "2013.??.??"]
[WhiteTeam "ESV Lok Sömmerda"]
[BlackTeam "TSG Apolda"]

1. e4 c6 2. d4 d5 3. e5 c5 4. dxc5 e6 5. Be3 Nc6 6. Nf3 Nh6 7. c3 Nf5 8. Bd4
Nfxd4 9. cxd4 b6 10. Bb5 Bd7 11. Qa4 Qc7 12. b4 a6 13. Nc3 Rb8 14. Bxc6 Bxc6
15. Qc2 bxc5 16. bxc5 Be7 17. O-O O-O 18. Rab1 Qa5 19. Rb3 Rxb3 20. Qxb3 Bd8
21. Rb1 Bc7 22. Qb4 f6 23. exf6 gxf6 24. Qxa5 Bxa5 25. Rb3 Bc7 26. Ne2 Bb5 27.
Ng3 Kf7 28. Nf1 Ke7 29. Ne3 Bc6 30. g3 Rg8 31. Kf1 a5 32. Ke2 a4 33. Rb1 Ra8
34. a3 Kd7 35. Nc2 e5 36. Nb4 Bb5+ 37. Kd2 Bc4 38. Re1 e4 39. Nh4 Ba5 40. Rb1
Ke6 41. Ng2 Bb3 42. Kc3 Bc7 43. Ne3 h5 44. Re1 f5 45. f3 h4 46. g4 f4 47. Nf5
e3 48. Re2 Bd1 49. Re1 Bxf3 50. Nxh4 Be4 51. Nf5 Ba5 52. Nxe3 fxe3 53. Rxe3 Rf8
54. Kb2 Rf2+ 55. Ka1 Rxh2 56. Rg3 Bc7 57. Rg1 Bf4 58. Rd1 Bd2 59. Na2 Bc2 60.
Rg1 Kf6 61. c6 Ke6 62. g5 Bg6 63. Rf1 Bxg5 64. Rg1 Kf6 65. Nc3 Bf7 66. Nb5 Rc2
67. c7 Be6 68. Nd6 Be3 69. Kb1 Rc6 70. Rf1+ Ke7 71. Nb5 Rb6 72. Rc1 Rxb5+ 73.
Ka2 Rb3 1/2-1/2

[Event "Thüringenliga 2012/2013"]
[Site "?"]
[Date "2013.02.17"]
[Round "7"]
[White "Einax, Claus-Dieter"]
[Black "Kühn, Martin"]
[Result "1/2-1/2"]
[WhiteElo "1834"]
[BlackElo "1919"]
[PlyCount "51"]
[EventDate "2013.??.??"]
[WhiteTeam "TSG Apolda"]
[BlackTeam "ESV Lok Sömmerda"]

1. e4 e6 2. d4 d5 3. exd5 exd5 4. Bd3 Bd6 5. c3 Nf6 6. Bg5 O-O 7. Ne2 Bg4 8. f3
Bh5 9. O-O Bg6 10. Nf4 Bxd3 11. Qxd3 c6 12. Nh5 Nbd7 13. g3 Re8 14. Nd2 h6 15.
Nxf6+ Nxf6 16. Bxf6 Qxf6 17. Rae1 Re6 18. Re2 Rae8 19. Rfe1 c5 20. dxc5 Bxc5+
21. Kg2 Qg6 22. Rxe6 Rxe6 23. Qxg6 Rxg6 24. Re8+ Kh7 25. Nb3 Bb6 26. f4 1/2-1/2

[Event "Thüringenliga 2012/2013"]
[Site "?"]
[Date "2013.02.17"]
[Round "7"]
[White "Kirste, Olaf"]
[Black "Krug, Klaus-Peter"]
[Result "1-0"]
[WhiteElo "1934"]
[BlackElo "1895"]
[PlyCount "65"]
[EventDate "2013.??.??"]
[WhiteTeam "ESV Lok Sömmerda"]
[BlackTeam "TSG Apolda"]

1. c4 Nf6 2. Nc3 e6 3. Nf3 d5 4. d4 c6 5. Bg5 Be7 6. e3 Nbd7 7. Qc2 a5 8. Rc1
O-O 9. Bd3 h6 10. Bh4 Nh5 11. Bxe7 Qxe7 12. O-O f5 13. Nd2 Nhf6 14. Rce1 g6 15.
f3 Qg7 16. Kh1 Rf7 17. e4 Nf8 18. cxd5 exd5 19. e5 Ne8 20. f4 Nc7 21. Ne2 Nce6
22. Rf3 Bd7 23. Rg3 c5 24. dxc5 Rc8 25. Nf3 Nxc5 26. Qd2 Nxd3 27. Qxd3 Be6 28.
Ned4 Rc5 29. Nh4 Kh7 30. Nxg6 Qxg6 31. Rxg6 Kxg6 32. g4 Bc8 33. gxf5+ 1-0

[Event "Thüringenliga 2012/2013"]
[Site "?"]
[Date "2013.02.17"]
[Round "7"]
[White "du Maire, Jérôme"]
[Black "Mehlhorn, Uwe"]
[Result "1-0"]
[WhiteElo "1985"]
[BlackElo "2104"]
[PlyCount "139"]
[EventDate "2013.??.??"]
[WhiteTeam "SV 1861 Liebschwitz"]
[BlackTeam "Ilmenauer SV"]

1. d4 g6 2. c4 Bg7 3. Nf3 d6 4. Nc3 Nc6 5. d5 Nb8 6. e4 e5 7. Be2 Ne7 8. O-O
O-O 9. Ne1 f5 10. Nd3 f4 11. Bg4 Nd7 12. Be6+ Kh8 13. b4 Nf6 14. Bxc8 Rxc8 15.
f3 c6 16. Qb3 b5 17. cxb5 cxd5 18. exd5 Qb6+ 19. Nf2 Rxc3 20. Qxc3 Nfxd5 21.
Qb3 Ne3 22. Re1 Rc8 23. Bxe3 fxe3 24. Qxe3 Qxb5 25. Qxa7 Nc6 26. Qd7 Rd8 27. a4
Qb6 28. Qe6 e4 29. Qxe4 Bd4 30. Ra2 Nxb4 31. Rae2 Qc5 32. g3 Nd5 33. Rc2 Qb4
34. Qxd5 Qxe1+ 35. Kg2 Qa1 36. a5 Be3 37. Ra2 Qb1 38. a6 Ba7 39. Re2 Qb6 40.
Qb7 Qd4 41. Qb2 Qxb2 42. Rxb2 Bd4 43. Rd2 Bb6 44. Rd5 Bc5 45. Ne4 Ra8 46. Nxc5
dxc5 47. Rd6 Kg7 48. Kf2 Kf7 49. Ke3 Ke7 50. Rb6 Kd7 51. Kd3 Rf8 52. f4 Kc7 53.
Rb7+ Kc6 54. Rxh7 Rd8+ 55. Kc3 Rd1 56. a7 Ra1 57. Rg7 Kd5 58. Rxg6 Ra3+ 59. Kb2
Rxa7 60. h4 Re7 61. h5 Re2+ 62. Kc3 Re3+ 63. Kd2 Ra3 64. h6 Kd4 65. Rd6+ Ke4
66. h7 Ra2+ 67. Kc3 Rh2 68. Rd7 Rh1 69. Kc4 Kf5 70. Kxc5 1-0

[Event "Thüringenliga 2012/2013"]
[Site "?"]
[Date "2013.02.17"]
[Round "7"]
[White "Sukaylo, Aleksey"]
[Black "Hermannsdörfer, Frank"]
[Result "1/2-1/2"]
[WhiteElo "2094"]
[BlackElo "2137"]
[PlyCount "65"]
[EventDate "2013.??.??"]
[WhiteTeam "Ilmenauer SV"]
[BlackTeam "SV 1861 Liebschwitz"]

1. e4 d6 2. d4 Nf6 3. Nc3 c6 4. f4 Qa5 5. Bd3 e5 6. Nf3 exd4 7. Nxd4 g6 8. O-O
Bg7 9. Nb3 Qc7 10. Qf3 O-O 11. Kh1 Nbd7 12. a4 b6 13. Be3 a6 14. Ne2 Re8 15. c4
Nc5 16. Nxc5 bxc5 17. Ng3 Ng4 18. Bg1 Rb8 19. h3 Nf6 20. Be3 Rb3 21. Bd2 Rxb2
22. Bc3 Rb3 23. Rac1 Nd7 24. Bxg7 Kxg7 25. Qd1 Qb8 26. Qc2 Qb4 27. Rb1 Rxb1 28.
Rxb1 Qa3 29. Ne2 Nf6 30. Nc3 Nh5 31. Rb3 Qa1+ 32. Rb1 Qa3 33. Rb3 1/2-1/2

[Event "Thüringenliga 2012/2013"]
[Site "?"]
[Date "2013.02.17"]
[Round "7"]
[White "Rempel, Patrick"]
[Black "Gerhardt, Frank"]
[Result "0-1"]
[WhiteElo "2023"]
[BlackElo "2014"]
[PlyCount "100"]
[EventDate "2013.??.??"]
[WhiteTeam "Ilmenauer SV"]
[BlackTeam "SV 1861 Liebschwitz"]

1. e4 c5 2. Nc3 Nc6 3. f4 g6 4. Nf3 Bg7 5. Bb5 Nd4 6. Bc4 e6 7. e5 d5 8. Nxd4
cxd4 9. Bb5+ Kf8 10. Ne2 a6 11. Bd3 Qb6 12. b3 Ne7 13. Ba3 f6 14. O-O Kf7 15.
Qe1 Re8 16. Qh4 Nf5 17. Qf2 h5 18. h3 fxe5 19. fxe5 Bxe5 20. g4 hxg4 21. hxg4
Qd8 22. Rae1 Rh8 23. Nf4 Bxf4 24. Qxf4 Qh4 25. Kg2 Qh3+ 26. Kf2 Qh4+ 27. Ke2 e5
28. Qf3 e4 29. Qf4 Qh2+ 30. Kd1 Qxf4 31. Rxf4 exd3 32. cxd3 Rh4 33. Ref1 Kg7
34. gxf5 Rxf4 35. Rxf4 Bxf5 36. Rxd4 Rd8 37. Bb2 Kf7 38. Rh4 g5 39. Rh6 Bg6 40.
Rh3 g4 41. Re3 d4 42. Rg3 Kf6 43. Ke1 Kg5 44. Ba3 Rd7 45. Bc5 Bf5 46. b4 Be6
47. a4 Kh4 48. Rg1 g3 49. Rf1 g2 50. Rg1 Kg3 0-1

[Event "Thüringenliga 2012/2013"]
[Site "?"]
[Date "2013.02.17"]
[Round "7"]
[White "Kastner, Peter"]
[Black "Falk, Kristoffer"]
[Result "1-0"]
[WhiteElo "1963"]
[BlackElo "1862"]
[PlyCount "77"]
[EventDate "2013.??.??"]
[WhiteTeam "SV 1861 Liebschwitz"]
[BlackTeam "Ilmenauer SV"]

1. e4 c5 2. Nf3 e6 3. d4 cxd4 4. Nxd4 Nc6 5. Nc3 Qc7 6. Nxc6 bxc6 7. Bd3 Nf6 8.
O-O Be7 9. f4 h5 10. Qe2 Ng4 11. Kh1 Bb7 12. Nd1 O-O-O 13. Ne3 g5 14. e5 gxf4
15. Nxg4 hxg4 16. Bxf4 Rdg8 17. Qe3 g3 18. Bxg3 c5 19. c4 Bh4 20. Kg1 Rh5 21.
Rxf7 Bxg3 22. Qxg3 Qd8 23. Rg7 Rxg7 24. Qxg7 Rg5 25. Qh6 Rxg2+ 26. Kf1 Qg8 27.
Qe3 Qf8+ 28. Ke1 Rxh2 29. Rd1 Bc6 30. Be2 Rh4 31. Rd6 Re4 32. Rxc6+ dxc6 33.
Qxe4 Kc7 34. Bf3 Qe8 35. Kd2 Qd7+ 36. Qd3 Qg7 37. Qd6+ Kb6 38. Qxc6+ Ka5 39.
Qb5# 1-0

[Event "Thüringenliga 2012/2013"]
[Site "?"]
[Date "2013.02.17"]
[Round "7"]
[White "Leuner, Klaus"]
[Black "Weiß, Werner"]
[Result "1/2-1/2"]
[WhiteElo "1871"]
[BlackElo "1997"]
[PlyCount "86"]
[EventDate "2013.??.??"]
[WhiteTeam "Ilmenauer SV"]
[BlackTeam "SV 1861 Liebschwitz"]

1. d4 d6 2. Nf3 c6 3. g3 g6 4. Bg2 Bg7 5. O-O e5 6. dxe5 dxe5 7. Qxd8+ Kxd8 8.
Nc3 Nd7 9. e4 f6 10. Be3 Bh6 11. Rfe1 Kc7 12. Bh3 Bxe3 13. Rxe3 Nc5 14. Bxc8
Rxc8 15. b4 Ne6 16. Rd3 Nh6 17. Rad1 Rhd8 18. Rxd8 Nxd8 19. Kf1 Nhf7 20. Ke2
Ne6 21. Nb1 Nd6 22. Ke3 a5 23. a3 Nc4+ 24. Ke2 axb4 25. axb4 Ra8 26. Nbd2 Nd6
27. Rb1 Ra2 28. Kd3 Nb5 29. c3 Ra8 30. Rc1 g5 31. Nb3 Rd8+ 32. Ke3 Ra8 33. Nfd2
h5 34. Kd3 Rd8+ 35. Kc2 Rh8 36. Rf1 h4 37. Nf3 Na3+ 38. Kd2 Rd8+ 39. Ke2 Nb5
40. Rc1 h3 41. Ke3 Ra8 42. Kd3 Rd8+ 43. Ke3 Ra8 1/2-1/2

[Event "Thüringenliga 2012/2013"]
[Site "?"]
[Date "2013.02.17"]
[Round "7"]
[White "Müller, Gunther"]
[Black "Ortlepp, Steffen"]
[Result "1/2-1/2"]
[WhiteElo "1832"]
[BlackElo "1819"]
[PlyCount "22"]
[EventDate "2013.??.??"]
[WhiteTeam "SV 1861 Liebschwitz"]
[BlackTeam "Ilmenauer SV"]

1. c4 Nf6 2. Nf3 g6 3. g3 Bg7 4. Bg2 O-O 5. O-O c6 6. Nc3 d5 7. cxd5 cxd5 8. d4
Nc6 9. Ne5 Nxe5 10. dxe5 Nd7 11. Qxd5 Nxe5 1/2-1/2

[Event "Thüringenliga 2012/2013"]
[Site "?"]
[Date "2013.02.17"]
[Round "7"]
[White "Müller, Julian"]
[Black "Müller, Berthold"]
[Result "0-1"]
[WhiteElo "1729"]
[BlackElo "1722"]
[PlyCount "50"]
[EventDate "2013.??.??"]
[WhiteTeam "Ilmenauer SV"]
[BlackTeam "SV 1861 Liebschwitz"]

1. e4 e5 2. Nf3 d6 3. d4 Nd7 4. Bc4 Be7 5. dxe5 Nxe5 6. Nxe5 dxe5 7. Qxd8+ Bxd8
8. O-O Nf6 9. Nc3 O-O 10. Rd1 c6 11. Bg5 h6 12. Bh4 Re8 13. Rd2 b5 14. Bb3 g5
15. Bg3 b4 16. Ne2 Nxe4 17. Rd3 Bb6 18. Re1 Kg7 19. Ba4 Re6 20. Bb3 Re7 21. Kf1
Ba6 22. Rdd1 Bd4 23. Rxd4 exd4 24. f3 Nxg3+ 25. hxg3 Rae8 0-1

[Event "Thüringenliga 2012/2013"]
[Site "?"]
[Date "2013.02.17"]
[Round "7"]
[White "Langheinrich, Ferenc"]
[Black "Kosowski, Todor"]
[Result "1-0"]
[WhiteElo "2363"]
[BlackElo "2181"]
[PlyCount "93"]
[EventDate "2013.??.??"]
[WhiteTeam "SC 51 Nordhausen"]
[BlackTeam "SG Arnstadt-Stadtilm"]

1. Nf3 Nf6 2. c4 g6 3. Nc3 Bg7 4. g3 O-O 5. Bg2 c6 6. d4 d5 7. cxd5 cxd5 8. Ne5
Bf5 9. Qb3 Nc6 10. Nxc6 bxc6 11. O-O Qb6 12. Qd1 Ne4 13. Nxe4 Bxe4 14. Bxe4
dxe4 15. e3 e5 16. dxe5 Bxe5 17. Qc2 f5 18. Rb1 Rfd8 19. b3 Rd3 20. Bb2 Bxb2
21. Rxb2 Rad8 22. Rc1 R8d6 23. Kg2 Qd8 24. h4 g5 25. hxg5 Qxg5 26. Qe2 f4 27.
exf4 Qd5 28. Re1 e3+ 29. Qf3 Qxf3+ 30. Kxf3 exf2+ 31. Kxf2 Rh6 32. Rg1 Rh2+ 33.
Rg2 Rh1 34. Ke2 Rdd1 35. Rc2 Rhe1+ 36. Kf3 Rd6 37. Rgd2 Ree6 38. g4 Kf7 39. f5
Rf6 40. Kf4 h6 41. g5 hxg5+ 42. Kxg5 Rh6 43. Rxd6 Rxd6 44. Rh2 Kg7 45. f6+ Kg8
46. Kg6 c5 47. Rh5 1-0

[Event "Thüringenliga 2012/2013"]
[Site "?"]
[Date "2013.02.17"]
[Round "7"]
[White "Buring, Matthias"]
[Black "Anisheva, Varvara"]
[Result "0-1"]
[WhiteElo "2062"]
[BlackElo "1986"]
[PlyCount "138"]
[EventDate "2013.??.??"]
[WhiteTeam "SG Arnstadt-Stadtilm"]
[BlackTeam "SC 51 Nordhausen"]

1. d4 Nf6 2. Nf3 c5 3. e3 g6 4. Be2 Bg7 5. O-O cxd4 6. exd4 O-O 7. Bf4 Qb6 8.
Qc1 Nc6 9. c3 d5 10. Nbd2 Bf5 11. Nh4 Bd7 12. Nb3 Ne4 13. Bf3 e5 14. Bxe4 dxe4
15. Nc5 Bc8 16. Bh6 Qd8 17. g3 f5 18. Rd1 exd4 19. cxd4 Qd5 20. Bxg7 Kxg7 21.
Ng2 b6 22. Nf4 Qd6 23. Nce6+ Bxe6 24. Nxe6+ Qxe6 25. d5 Qf6 26. dxc6 Rac8 27.
Rd7+ Rf7 28. Rxf7+ Kxf7 29. Qh6 Kg8 30. Rd1 Qxc6 31. h4 Re8 32. Qe3 Qe6 33. a4
a5 34. Rc1 Qd6 35. Qb3+ Qe6 36. Qe3 Re7 37. Qd4 e3 38. fxe3 Qxe3+ 39. Qxe3 Rxe3
40. Rc8+ Kf7 41. Rc7+ Kg8 42. Kf2 Rb3 43. h5 gxh5 44. Rb7 Rxb2+ 45. Ke3 Rb4 46.
Kf3 h4 47. gxh4 Rxh4 48. Rxb6 Rxa4 49. Rb5 Kg7 50. Rxf5 Kg6 51. Rb5 Ra1 52.
Rb6+ Kg5 53. Rb5+ Kh4 54. Rb2 h5 55. Rh2+ Kg5 56. Rg2+ Kf5 57. Rg8 Ra3+ 58. Ke2
h4 59. Rf8+ Kg4 60. Rg8+ Kf4 61. Rf8+ Kg3 62. Rg8+ Kh2 63. Rg4 h3 64. Kf2 Ra2+
65. Kf1 a4 66. Rc4 a3 67. Rc3 Ra1+ 68. Kf2 a2 69. Ra3 Rg1 0-1

[Event "Thüringenliga 2012/2013"]
[Site "?"]
[Date "2013.02.17"]
[Round "7"]
[White "Koksch, Robert"]
[Black "Sauer, Marko"]
[Result "1/2-1/2"]
[WhiteElo "1934"]
[BlackElo "1979"]
[PlyCount "49"]
[EventDate "2013.??.??"]
[WhiteTeam "SC 51 Nordhausen"]
[BlackTeam "SG Arnstadt-Stadtilm"]

1. d4 d5 2. c4 e6 3. Nc3 Nf6 4. Nf3 Be7 5. e3 O-O 6. Bd3 dxc4 7. Bxc4 c5 8. O-O
cxd4 9. exd4 Qc7 10. Qe2 a6 11. Bg5 b5 12. Bd3 Bb7 13. Rad1 Rd8 14. Rfe1 Nc6
15. d5 Nxd5 16. Nxd5 Rxd5 17. Bxh7+ Kxh7 18. Rxd5 exd5 19. Bxe7 Nxe7 20. Qxe7
Rc8 21. h4 f6 22. Nd4 Qxe7 23. Rxe7 Rc1+ 24. Kh2 Bc8 25. Re8 1/2-1/2

[Event "Thüringenliga 2012/2013"]
[Site "?"]
[Date "2013.02.17"]
[Round "7"]
[White "Schätz, Bianca"]
[Black "Schilling, Rolf"]
[Result "1-0"]
[WhiteElo "1880"]
[BlackElo "1956"]
[PlyCount "109"]
[EventDate "2013.??.??"]
[WhiteTeam "SG Arnstadt-Stadtilm"]
[BlackTeam "SC 51 Nordhausen"]

1. e4 e5 2. Nf3 Nc6 3. Bc4 Nf6 4. d3 Bc5 5. c3 d6 6. Bb3 Be6 7. Bc2 h6 8. Nbd2
O-O 9. Qe2 a5 10. a4 Bb6 11. Nf1 d5 12. Ng3 Nh7 13. O-O d4 14. Kh1 Qf6 15. Ne1
g5 16. Bd1 Qg6 17. Qd2 dxc3 18. bxc3 Rad8 19. Bh5 Qg7 20. Qd1 Nf6 21. Be2 Bc5
22. Be3 b6 23. Qc1 Nh7 24. Bxc5 bxc5 25. Qa3 c4 26. dxc4 Nf6 27. Qc5 Rd6 28.
Nc2 Nd7 29. Qa3 Ndb8 30. Ne3 Ne7 31. Nd5 Bxd5 32. cxd5 Nd7 33. c4 f5 34. Nxf5
Nxf5 35. exf5 Rxf5 36. Bg4 Rf4 37. Be6+ Kh8 38. c5 Ra6 39. g3 Rb4 40. Rfc1 Nf8
41. Qd3 Ra8 42. Bf5 Rd8 43. Be4 Rd4 44. Qe2 Qd7 45. Rc4 Rxc4 46. Qxc4 Rb8 47.
Qc3 Qe7 48. Qxa5 Nh7 49. Qa7 Re8 50. d6 cxd6 51. Qxe7 Rxe7 52. cxd6 Rd7 53. Rd1
Nf6 54. Bc6 Rd8 55. a5 1-0

[Event "Thüringenliga 2012/2013"]
[Site "?"]
[Date "2013.02.17"]
[Round "7"]
[White "Reichardt, Hans-Ulrich"]
[Black "Bächer, Reinhard"]
[Result "0-1"]
[WhiteElo "1682"]
[BlackElo "1852"]
[PlyCount "108"]
[EventDate "2013.??.??"]
[WhiteTeam "SC 51 Nordhausen"]
[BlackTeam "SG Arnstadt-Stadtilm"]

1. Nf3 d5 2. b3 Nf6 3. Bb2 e6 4. d3 c5 5. Nbd2 Be7 6. g3 O-O 7. Bg2 Nc6 8. O-O
Qc7 9. e4 d4 10. a3 e5 11. h3 Rb8 12. Nh4 g6 13. Nhf3 Nh5 14. Nh2 b5 15. Bc1
Nd8 16. Qe2 Ne6 17. Ndf3 Rb6 18. Ng4 f6 19. Bd2 Rc6 20. a4 bxa4 21. Rxa4 Ra6
22. Rfa1 Rxa4 23. Rxa4 Bd7 24. Ra1 Rb8 25. Kh1 Rb7 26. Kg1 Qc8 27. Kh2 Nd8 28.
Ng1 Bf8 29. Qf3 Bg7 30. Qe2 Nf7 31. Kh1 Bc6 32. Nf3 f5 33. Ngh2 fxe4 34. dxe4
Nd6 35. Nh4 Nf6 36. f3 Bb5 37. Qd1 Nh5 38. Qe1 Bf6 39. Ng4 Bxh4 40. gxh4 Qe6
41. Kh2 c4 42. Ra3 Nf7 43. Qa1 a6 44. Qc1 Qe7 45. Bg5 Nxg5 46. hxg5 Nf4 47.
Nf6+ Kh8 48. Bf1 Qe6 49. Ng4 Rc7 50. Qe1 Qe7 51. Qa5 cxb3 52. Rxb3 Rxc2+ 53.
Kg3 Qxg5 54. h4 Nh5+ 0-1

[Event "Thüringenliga 2012/2013"]
[Site "?"]
[Date "2013.02.17"]
[Round "7"]
[White "Schumacher, Andreas"]
[Black "Göbel, Klaus"]
[Result "1-0"]
[WhiteElo "1686"]
[BlackElo "1348"]
[PlyCount "141"]
[EventDate "2013.??.??"]
[WhiteTeam "SG Arnstadt-Stadtilm"]
[BlackTeam "SC 51 Nordhausen"]

1. d4 Nf6 2. c4 c5 3. d5 d6 4. Nc3 Bf5 5. f3 Nfd7 6. e4 Bg6 7. Bf4 a6 8. Nh3 h6
9. Nf2 b6 10. Nd3 Qc7 11. Be2 Bh7 12. O-O g5 13. Bg3 Bg7 14. Rc1 h5 15. h3 h4
16. Bh2 b5 17. b3 b4 18. Na4 Bd4+ 19. Kh1 Be3 20. Rc2 Ne5 21. Re1 Ng6 22. Bf1
Bf4 23. Nxf4 gxf4 24. Qd2 Nd7 25. Bxf4 Nf6 26. Bh2 Nh5 27. Nb2 Ng3+ 28. Bxg3
hxg3 29. Qg5 Rg8 30. Qh6 Nf8 31. Nd3 Rg6 32. Qe3 Nd7 33. f4 O-O-O 34. Be2 Rh8
35. Bf3 Bg8 36. e5 Bh7 37. Rd2 Rh6 38. Bg4 Rg8 39. f5 Rh4 40. Kg1 Kb7 41. Qxg3
Rh5 42. Qf4 Rhg5 43. exd6 Qxd6 44. Qxd6 exd6 45. Re7 Kc8 46. Rxf7 R8g7 47. Rxg7
Rxg7 48. f6 Rf7 49. Bxd7+ Kxd7 50. Nf4 Rxf6 51. g3 Bf5 52. h4 Rf8 53. Kf2 Bg4
54. Rd3 a5 55. Re3 Bf5 56. Re1 Ra8 57. Kf3 a4 58. g4 Bc2 59. h5 axb3 60. axb3
Ra3 61. Ng6 Rxb3+ 62. Kf4 Rc3 63. Re7+ Kc8 64. Re6 Rxc4+ 65. Kg5 b3 66. h6 b2
67. h7 Kb7 68. h8=Q b1=Q 69. Qg7+ Kb6 70. Rxd6+ Ka5 71. Qa7+ 1-0

[Event "Thüringenliga 2012/2013"]
[Site "?"]
[Date "2013.02.17"]
[Round "7"]
[White "Hüllenhagen, Andreas"]
[Black "Hattendorf, Jens"]
[Result "0-1"]
[WhiteElo "1657"]
[BlackElo "1892"]
[PlyCount "58"]
[EventDate "2013.??.??"]
[WhiteTeam "SC 51 Nordhausen"]
[BlackTeam "SG Arnstadt-Stadtilm"]

1. d4 Nf6 2. Nf3 d6 3. Nbd2 Nbd7 4. e4 e5 5. c3 c6 6. a4 Be7 7. Bd3 Qc7 8. b3
Nf8 9. O-O Ng6 10. Re1 h5 11. Bc4 Ng4 12. Nf1 Nf4 13. h3 Nh6 14. Bxf4 exf4 15.
e5 d5 16. Bd3 g5 17. c4 Be6 18. cxd5 Bxd5 19. N3d2 g4 20. Nc4 O-O-O 21. h4 Bxh4
22. Nd6+ Rxd6 23. exd6 Qxd6 24. Re5 Bf6 25. Rxh5 Bxd4 26. Ra2 g3 27. Bc4 Bxf2+
28. Rxf2 gxf2+ 29. Kxf2 Qc5+ 0-1

[Event "Thüringenliga 2012/2013"]
[Site "?"]
[Date "2013.02.17"]
[Round "7"]
[White "Walter, Bernd"]
[Black "Curea, Virgil"]
[Result "1-0"]
[WhiteElo "1812"]
[BlackElo "1473"]
[PlyCount "103"]
[EventDate "2013.??.??"]
[WhiteTeam "SG Arnstadt-Stadtilm"]
[BlackTeam "SC 51 Nordhausen"]

1. e4 c5 2. Nf3 e6 3. c3 a6 4. d4 cxd4 5. cxd4 Nc6 6. Nc3 Qa5 7. Bd2 Qb6 8. Na4
Qa7 9. Be3 Bb4+ 10. Nc3 Qb8 11. a3 Be7 12. Bd3 b5 13. O-O Nf6 14. h3 h5 15. e5
Nh7 16. Ne1 g6 17. f4 d6 18. Nf3 Qa7 19. Qd2 dxe5 20. fxe5 Na5 21. Qf2 Qd7 22.
Nd2 Bg5 23. Nce4 Bxe3 24. Qxe3 O-O 25. Nf6+ Nxf6 26. Rxf6 Kg7 27. b4 Nc6 28.
Be4 Bb7 29. Nb3 Rad8 30. Nc5 Qxd4 31. Rxg6+ fxg6 32. Nxe6+ Kh7 33. Nxd4 Nxd4
34. Bxb7 Nc2 35. Qc3 Nxa1 36. Qxa1 Rd3 37. e6 Rfd8 38. Qe5 h4 39. Bf3 Rc8 40.
Qg5 Rxa3 41. Qxh4+ Kg7 42. Qe7+ Kh6 43. h4 a5 44. Qg5+ Kg7 45. Qxb5 Rc1+ 46.
Kh2 Rc2 47. bxa5 Rxf3 48. Qb7+ Rf7 49. Qxf7+ Kh6 50. e7 g5 51. h5 Rc6 52. e8=Q
1-0

[Event "Thüringenliga 2012/2013"]
[Site "?"]
[Date "2013.02.17"]
[Round "7"]
[White "Schneider, Christian"]
[Black "Sobolevsky, Leonid"]
[Result "1/2-1/2"]
[WhiteElo "2181"]
[BlackElo "2104"]
[PlyCount "23"]
[EventDate "2013.??.??"]
[WhiteTeam "SG Blau-Weiß Stadtilm"]
[BlackTeam "Schachzirkel Elstertal Langenberg"]

1. c4 e5 2. g3 Nf6 3. Bg2 Nc6 4. Nc3 Bb4 5. Nd5 a5 6. e3 O-O 7. Ne2 Nxd5 8.
cxd5 Ne7 9. O-O c6 10. a3 Bd6 11. Nc3 Bc7 12. d4 1/2-1/2

[Event "Thüringenliga 2012/2013"]
[Site "?"]
[Date "2013.02.17"]
[Round "7"]
[White "Siebarth, Marco"]
[Black "Frommelt, Hans-Jürgen"]
[Result "1/2-1/2"]
[WhiteElo "1983"]
[BlackElo "1965"]
[PlyCount "21"]
[EventDate "2013.??.??"]
[WhiteTeam "SG Blau-Weiß Stadtilm"]
[BlackTeam "Schachzirkel Elstertal Langenberg"]

1. d4 d6 2. e4 Nf6 3. Bd3 e5 4. c3 Nc6 5. Ne2 g6 6. O-O Bg7 7. Nd2 O-O 8. h3
Ne8 9. d5 Ne7 10. f4 f5 11. fxe5 1/2-1/2

[Event "Thüringenliga 2012/2013"]
[Site "?"]
[Date "2013.02.17"]
[Round "7"]
[White "Streit, Michael"]
[Black "Berner, Stephan"]
[Result "1/2-1/2"]
[WhiteElo "1893"]
[BlackElo "1836"]
[PlyCount "25"]
[EventDate "2013.??.??"]
[WhiteTeam "Schachzirkel Elstertal Langenberg"]
[BlackTeam "SG Blau-Weiß Stadtilm"]

1. Nf3 Nf6 2. d4 d5 3. g3 g6 4. Bg2 Bg7 5. Bg5 h6 6. Bf4 O-O 7. Nc3 c6 8. h4
Bf5 9. Qd2 Kh7 10. Ne5 Nbd7 11. f3 Nxe5 12. Bxe5 Nd7 13. Bxg7 1/2-1/2

[Event "Thüringenliga 2012/2013"]
[Site "?"]
[Date "2013.02.17"]
[Round "7"]
[White "Schröter, Maik"]
[Black "Streit, Jürgen"]
[Result "1/2-1/2"]
[WhiteElo "1710"]
[BlackElo "1710"]
[PlyCount "24"]
[EventDate "2013.??.??"]
[WhiteTeam "SG Blau-Weiß Stadtilm"]
[BlackTeam "Schachzirkel Elstertal Langenberg"]

1. e4 c5 2. Nf3 e6 3. d4 cxd4 4. Nxd4 a6 5. Bd3 Nf6 6. O-O Qc7 7. c4 d6 8. h3
Be7 9. Nc3 Nbd7 10. b3 O-O 11. Nf3 b6 12. Be3 Bb7 1/2-1/2

[Event "Thüringenliga 2012/2013"]
[Site "?"]
[Date "2013.02.17"]
[Round "7"]
[White "Schaudin, Andreas"]
[Black "Werner, Justus"]
[Result "1/2-1/2"]
[WhiteElo "1583"]
[BlackElo "1670"]
[PlyCount "20"]
[EventDate "2013.??.??"]
[WhiteTeam "Schachzirkel Elstertal Langenberg"]
[BlackTeam "SG Blau-Weiß Stadtilm"]

1. Nf3 c5 2. b3 d5 3. Bb2 e6 4. e3 Nf6 5. Bb5+ Bd7 6. Bxd7+ Nbxd7 7. O-O Bd6 8.
d3 O-O 9. Nbd2 Qc7 10. h3 Rac8 1/2-1/2

[Event "Thüringenliga 2012/2013"]
[Site "?"]
[Date "2013.02.17"]
[Round "7"]
[White "Taudte, Stefan"]
[Black "Müller, Michael"]
[Result "1-0"]
[WhiteElo "1979"]
[BlackElo "2193"]
[PlyCount "99"]
[EventDate "2013.??.??"]
[WhiteTeam "SV Empor Erfurt"]
[BlackTeam "SSV Vimaria 91 Weimar"]

1. d4 d5 2. c4 c6 3. Nf3 Nf6 4. Nc3 g6 5. h3 Bg7 6. Bf4 dxc4 7. e3 b5 8. a4 b4
9. Na2 Nd5 10. Bxb8 Rxb8 11. Bxc4 O-O 12. O-O h6 13. Nc1 Qd6 14. Nd3 Nb6 15.
Qb3 Nxc4 16. Qxc4 Be6 17. Qc5 Bd5 18. Qxa7 Bxf3 19. gxf3 Qe6 20. Qc5 Qxh3 21.
Qxc6 Rfd8 22. Qe4 h5 23. Rac1 e6 24. Rc7 Rf8 25. Qf4 Rb6 26. Rfc1 Qf5 27. Qxf5
gxf5 28. Ra7 Bf6 29. Rc4 b3 30. Rcc7 Rd6 31. Nc5 Bd8 32. Rcb7 Bb6 33. Nd7 Bxa7
34. Nxf8 Bxd4 35. Nxe6 Bxb2 36. Nc5 Ba3 37. Nxb3 Kg7 38. a5 f4 39. Rb6 Rd3 40.
exf4 Rxf3 41. a6 Rxf4 42. Rb5 Rg4+ 43. Kf1 Ra4 44. Na5 h4 45. a7 h3 46. a8=Q
Bd6 47. Rh5 Ra1+ 48. Ke2 Ra2+ 49. Kd3 Bf8 50. Rxh3 1-0